LEADER 01183cam0-2200361---450- 001 990005285800403321 005 20100208145728.0 035 $a000528580 035 $aFED01000528580 035 $a(Aleph)000528580FED01 035 $a000528580 100 $a19990604e19801912km-y0itay50------ba 101 0 $aita 102 $aIT 105 $aa-------001yy 200 1 $aReligione primitiva in Sardegna$fRaffaele Pettazzoni$g[introduzione di Giovanni Lilliu] 205 $aRistampa anastatica 210 $a[Sassari]$cLibr. Scientifica Internazionale$d[1980] 215 $aXXIII, 250 p.$cill.$d21 cm 225 1 $aSardegna archeologica. Reprints e nuovi studi sulla Sardegna antica 325 $aRistampa anastatica dell'ed. del 1912 610 0 $aReligioni primitive$aSardegna 610 0 $aReligione$aPopoli primitivi$aSardegna 676 $a299 700 1$aPettazzoni,$bRaffaele$f<1883-1959>$0125900 702 1$aLilliu,$bGiovanni$f<1914- > 801 0$aIT$bUNINA$gRICA$2UNIMARC 901 $aBK 912 $a990005285800403321 952 $a299 PET 2$bST.REL. 1970$fFLFBC 959 $aFLFBC 996 $aReligione primitiva in Sardegna$9537922 997 $aUNINA LEADER 01248nam0-22003251i-450- 001 990001662480403321 005 20110221193652.0 035 $a000166248 035 $aFED01000166248 035 $a(Aleph)000166248FED01 035 $a000166248 100 $a20030910d1761----km-y0itay50------ba 101 1 $afre 102 $aNL 105 $ay-------001yy 200 1 $a<>principes de l'agriculture et de la végétation. Ouvrage traduit de l'anglois de M. François Home. Auquel on a joint deux mémoires nouveaux sur la manière de préserver le froment de la corruption & de la conserver 210 $aA Amsterdam$caux depens de la Compagnie$d1761 215 $aVIII, 192 p.$d17 cm 610 0 $aAgricoltura$aStoria 610 0 $aLibri rari$a1700 676 $a630.9 676 $a094.2 700 1$aHome,$bFrancis$071730 801 0$aIT$bUNINA$gRICA$2UNIMARC 901 $aAQ 912 $a990001662480403321 952 $a60 094.2 C 109$b36217$fFAGBC 959 $aFAGBC 996 $aPrincipes de l'agriculture et de la végétation. Ouvrage traduit de l'anglois de M. François Home. Auquel on a joint deux mémoires nouveaux sur la manière de préserver le froment de la corruption & de la conserver$9373456 997 $aUNINA